Escoles d'altres móns / Kim Manresa
Descripción Física:
[10] p. : il. ; 21 cm
Materias:
Escoles
MARC
| LEADER | 00000nam a2200000Ia 4500 | ||
|---|---|---|---|
| 001 | 23428 | ||
| 008 | 160829s212 xx 000 0 cat d | ||
| 080 | |a FU-61-26 | ||
| 100 | |a Manresa, Kim |9 48843 | ||
| 245 | |a Escoles d'altres móns / Kim Manresa | ||
| 260 | |a Barcelona : |b Diputació de Barcelona. Direcció de Comunicació, |c 212 | ||
| 300 | |a [10] p. : |b il. ; |c 21 cm | ||
| 590 | |a Organitzat per la Diputació de Barcelona. | ||
| 590 | |a Amb la col·laboració de Televisió de Catalunya i ComRàdio Xarxa Local | ||
| 650 | |a Escoles |9 47368 | ||
| 710 | |a Barcelona (Catalunya : Província). |b Direcció de Comunicació |9 53855 | ||
| 901 | |a Arxiu | ||
| 942 | |n 1 | ||
| 952 | |0 0 |1 0 |4 0 |6 FU6126 |7 1 |9 54898 |a Arxiu |b Arxiu |d 2012-05-04 |l 0 |o FU-61-26 |p 23428 |r 2016-12-01 00:00:00 |w 2016-12-01 |y ARXIU | ||
| 999 | |c 58768 |d 58768 | ||